|
|
|
|
| LEADER |
00575cam a2200169 7i4500 |
| 001 |
0000004675 |
| 005 |
19991025090000.0 |
| 002 |
##000006198 |
| 020 |
0 |
0 |
|a T000005026
|
| 090 |
0 |
0 |
|a SING 338.7025
|b SIN
|
| 245 |
0 |
0 |
|a Singapore Manufacturers Association directory :
|b tradelink.
|
| 260 |
0 |
0 |
|a Singapore:
|b Singapore Manufacturers Association,
|c [199-].
|
| 300 |
0 |
0 |
|a 129p..
|
| 650 |
0 |
0 |
|a Business --
|x directories --
|z Singapore
|
| 651 |
0 |
0 |
|a Singapore
|
| 999 |
|
|
|a 0000007662
|b Book
|c Open shelf
|e Business Information Centre
|
| 999 |
|
|
|a 0000007401
|b Book
|c Open shelf
|e Business Information Centre
|